|
|
|
|
| LEADER |
01858nam a2200469 4500 |
| 001 |
on1029202946 |
| 003 |
OCoLC |
| 005 |
20200326101152.0 |
| 006 |
m o d |
| 007 |
cr cnu---unuuu |
| 008 |
180321s2018 mau o 000 0 eng d |
| 040 |
|
|
|a OPELS
|b eng
|e rda
|e pn
|c OPELS
|d N$T
|d UAB
|d UPM
|d OCLCF
|d D6H
|d OCLCQ
|d GrThAP
|
| 019 |
|
|
|a 1029054900
|
| 020 |
|
|
|a 9780128155356
|q (electronic bk.)
|
| 020 |
|
|
|a 0128155353
|q (electronic bk.)
|
| 020 |
|
|
|a 9780128152010
|q (print)
|
| 035 |
|
|
|a (OCoLC)1029202946
|z (OCoLC)1029054900
|
| 050 |
|
4 |
|a QR360
|
| 072 |
|
7 |
|a SCI
|x 008000
|2 bisacsh
|
| 072 |
|
7 |
|a SCI
|x 045000
|2 bisacsh
|
| 082 |
0 |
4 |
|a 579.2
|2 23
|
| 245 |
0 |
0 |
|a Advances in virus research.
|n Volume one hundred /
|c edited by Margaret Kielian, Thomas C. Mettenleiter and Marilyn J. Roossinck.
|
| 246 |
3 |
|
|a Advances in virus research.
|n Volume 100
|
| 264 |
|
1 |
|a Cambridge, MA :
|b Academic Press,
|c 2018.
|
| 300 |
|
|
|a 1 online resource.
|
| 336 |
|
|
|a text
|b txt
|2 rdacontent
|
| 337 |
|
|
|a computer
|b c
|2 rdamedia
|
| 338 |
|
|
|a online resource
|b cr
|2 rdacarrier
|
| 490 |
1 |
|
|a Advances in virus research ;
|v volume 100
|
| 588 |
0 |
|
|a Online resource; title from PDF title page (ScienceDirect, viewed March 21, 2018).
|
| 650 |
|
0 |
|a Virology.
|
| 650 |
|
0 |
|a Virology
|x Research.
|
| 650 |
|
7 |
|a SCIENCE / Life Sciences / Biology.
|2 bisacsh
|
| 650 |
|
7 |
|a SCIENCE / Life Sciences / Microbiology.
|2 bisacsh
|
| 650 |
|
7 |
|a Virology.
|2 fast
|0 (OCoLC)fst01167670
|
| 650 |
|
7 |
|a Virology
|x Research.
|2 fast
|0 (OCoLC)fst01167675
|
| 655 |
|
4 |
|a Electronic books.
|
| 700 |
1 |
|
|a Kielian, Margaret C.,
|d 1952-
|e editor.
|
| 700 |
1 |
|
|a Mettenleiter, Thomas C.,
|e editor.
|
| 700 |
1 |
|
|a Roossinck, Marilyn J.,
|e editor.
|
| 830 |
|
0 |
|a Advances in virus research ;
|v v. 100.
|
| 856 |
4 |
0 |
|3 ScienceDirect
|u https://www.sciencedirect.com/science/bookseries/00653527/100
|z Full Text via HEAL-Link
|